UM Logo

Algebra and trigonometry/ (Record no. 5782)

MARC details
000 -LEADER
fixed length control field 00530nam a22001817a 4500
008 - FIXED-LENGTH DATA ELEMENTS--GENERAL INFORMATION
fixed length control field 161118b xxu||||| |||| 00| 0 eng d
020 ## - INTERNATIONAL STANDARD BOOK NUMBER
International Standard Book Number 978-981-4617-44-4
082 ## - DEWEY DECIMAL CLASSIFICATION NUMBER
Edition number 2016
Classification number DC 512.13
Item number L334
100 ## - MAIN ENTRY--PERSONAL NAME
9 (RLIN) 17659
Personal name Larson, Ron.
245 ## - TITLE STATEMENT
Title Algebra and trigonometry/
Statement of responsibility, etc. Ron Larson.
250 ## - EDITION STATEMENT
Edition statement Ninth Edition
260 ## - PUBLICATION, DISTRIBUTION, ETC. (IMPRINT)
Place of publication, distribution, etc. Andover:
Name of publisher, distributor, etc. Cengage Learning,
Date of publication, distribution, etc. c2016.
300 ## - PHYSICAL DESCRIPTION
Extent xii, 951 pages:
Other physical details illustrations;
Dimensions 25 cm.
500 ## - GENERAL NOTE
General note Includes index.
650 #0 - SUBJECT ADDED ENTRY--TOPICAL TERM
9 (RLIN) 17660
Topical term or geographic name as entry element Algebra
650 #0 - SUBJECT ADDED ENTRY--TOPICAL TERM
9 (RLIN) 17661
Topical term or geographic name as entry element Trigonometry
942 ## - ADDED ENTRY ELEMENTS (KOHA)
Source of classification or shelving scheme Dewey Decimal Classification
Koha item type Circulation
Holdings
Withdrawn status Lost status Source of classification or shelving scheme Damaged status Not for loan Collection code Home library Current library Date acquired Source of acquisition Total Checkouts Full call number Barcode Date last seen Date last checked out Copy number Price effective from Koha item type
    Dewey Decimal Classification     Circulation UM Digos College - LIC UM Digos College - LIC 10/27/2016 Purchased 1 DC 512.13 L344 2016 24582 05/15/2025 09/11/2017 1 11/18/2016 Circulation